[Event "Mlada Boleslav Region-ch"]
[Site "Mlada Boleslav"]
[Date "2015.06.21"]
[Round "6"]
[White "Balicz, Oldrich"]
[Black "Hladka, Gabriela"]
[Result "1-0"]
[WhiteElo "1113"]
[BlackElo "1086"]
[PlyCount "45"]
[EventDate "2015.06.20"]
[EventType "swiss"]
[EventRounds "7"]
[EventCountry "CZE"]
[SourceTitle "EXT 2017"]
[Source "ChessBase"]
[SourceDate "2016.10.25"]
[SourceVersion "1"]
[SourceVersionDate "2016.10.25"]
[SourceQuality "1"]

1. e3 e5 2. d4 exd4 3. Qxd4 Nc6 4. Qe4+ Nce7 5. Nf3 Nf6 6. Qd3 d6 7. e4 g6 8. e5 Nfd5 9. Nc3 Nxc3 10. Qxc3 dxe5 11. Nxe5 Bg7 12. Bf4 0-0 13. Bd3 Be6 14. 0-0-0 Nd5 15. Qa3 Nxf4 16. Bf5 Bxf5 17. Rxd8 Raxd8 18. Re1 Rfe8 19. Qa5 Rd6 20. Qxc7 Rd5 21. Qxf7+ Kh8 22. Qxe8+ Bf8 23. Qxf8# 1-0